000 01031nam a22003137a 4500
001 BR9602983
003 BR-BrBNA
005 20230928095226.0
007 ta
008 230509b bl.||||| |||| 00| 0 por d
040 _aBR-BrBNA
_bpor
_cBiblioteca Nacional de Agricultura
041 _a(Por)
072 _aP34; P33
090 _ P34 BR9602983
100 1 _aBarretto, M.C. de V.
110 1 _aEscola Superior de Agricultura Luiz de Queiroz, Piracicaba, SP (Brasil)
_0Tese (Doutor em Agronomia)
245 1 _aDegradacao de fracao organica de diferentes residuos e efeitos em algumas propriedades quimicas e fisicas de dois solos
260 3 _aPiracicaba, SP (Brasil):
_c1995.
300 _a106 p.
500 _a21 tables; 8 illus.; Bibliography p. 88-101; Summaries (Eng, Por)
650 _aSolo
650 _aPropriedade Fisico-Quimica
650 _aDeterioracao do Solo
650 _aResiduo Organico
650 _aDecomposicao
650 _aLatossolo
909 _a202309
_bLucia
_c55
_dLucia Elande
942 _cBK
999 _c55301
_d55301